000 00724nam a2200217Ia 4500
005 20241129105925.0
008 241129s9999||||xx |||||||||||||| ||und||
020 _a978-93-92757-6602
037 _aTB
040 _aARTS
_bhin
_cARTS
041 _ahin
_2hin
084 _aO152,3N82,KE R2
_qARTS
100 _aपाण्डेय, चन्दन, ले.
245 0 _aकीर्तिगान
_cपाण्डेय, चन्दन, ले.
260 _aनई दिल्ली, भारत
_bनयी राजकमल प्रकाशन
_c2022
300 _a189पृ0
365 _aINR
_b595
650 _aHindi Fiction
942 _cTB
_hO152,3N82,KE R2
999 _c1226608
_d1226608